US STATE Quiz Stats

Quiz not verified by Sporcle

Challenge
Share
Tweet
Embed
Score 0/15 Timer 10:00
0 Plays Today
Hint Answer % Correct
west of montanaidaho
100%
east of utahcolorado
92.9%
this state is northeast of texas and north missouri
89.3%
this state is south of indianakentucky
89.3%
southeast of idahoutah
85.7%
this state is northeast of colorado nebraska
85.7%
this state is 2 states south of nebraskatexas
85.7%
this state is south of alabama and north and then east to this statsouth carolina
85.7%
Hint Answer % Correct
this state is north of south carolinanorth carolina
85.7%
this state is north of missouri and northeast wisconsin
82.1%
this state is south of wisconsin and eastindiana
82.1%
this state is south of kentucky and west then southlouisiana
82.1%
this state is east of louisiana and then east alabama
82.1%
this state is north of north carolina and northeast and north to this statepennsylvania
78.6%
this state is is east of pennsylvania then north then northeast then east then east again maine
71.4%

You're not logged in!

Compare scores with friends on all Sporcle quizzes.
Sign Up with Email
OR
Log In

You Might Also Like...

Show Comments

Extras

Top Quizzes Today


Score Distribution

Your Account Isn't Verified!

In order to create a playlist on Sporcle, you need to verify the email address you used during registration. Go to your Sporcle Settings to finish the process.